000 00432nam a2200181Ia 4500
001 15045
005 20260306164959.0
008 260306t2015||||xx |||||||||||||| ||spa||
041 _aESP
082 _a526.9
_bM42
100 _aMendoza Dueñas, Jorge
_eAUT
245 0 _aTopografía:
_btécnicas modernas
260 _c2015
300 _a546 páginas :
_c21 cm.
650 _aGEN
654 _aCIC
942 _cLIB
_dJUS
_fJUS
_2ddc
_n
999 _c15045
_d15045